Simposi de Medi Ambient : memòria Diputació de Barcelona / organitza: Generalitat de Catalunya, Departament de Medi Ambient memòria Diputació de Barcelona / organitza:
Descripción Física:
15 f., [24] p., [21] f. : fot. col. ; 29 cm
Otros Autores:
Congrés de Valors d'Empresa (11è : 2000 : Barcelona)
,
Catalunya. Departament de Medi Ambient
Materias:
Medi ambient -- Congressos
MARC
| LEADER | 00000nam a2200000Ia 4500 | ||
|---|---|---|---|
| 001 | 22781 | ||
| 008 | 160829s2000 xx 000 0 cat d | ||
| 080 | |a C-3-313 | ||
| 245 | |a Simposi de Medi Ambient : |b memòria Diputació de Barcelona / organitza: |b Generalitat de Catalunya, Departament de Medi Ambient | ||
| 260 | |a Barcelona : |b [Diputació de Barcelona?], |c 2000 | ||
| 300 | |a 15 f., [24] p., [21] f. : |b fot. col. ; |c 29 cm | ||
| 590 | |a Patrocinat per la Diputació de Barcelona. | ||
| 590 | |a A la coberta: XI Congrés de Valors d'Empresa. Barcelona, 18 i 19 d'octubre de 2000 | ||
| 650 | 0 | |a Medi ambient |v Congressos |9 8382 | |
| 700 | |a Congrés de Valors d'Empresa (11è : 2000 : Barcelona) |9 46068 | ||
| 700 | |a Catalunya. Departament de Medi Ambient |9 34766 | ||
| 710 | 1 | |a Barcelona (Catalunya : Província). |b Servei de Medi Ambient |9 53475 | |
| 901 | |a Arxiu | ||
| 942 | |n 1 | ||
| 952 | |0 0 |1 0 |4 0 |6 C3313 |7 1 |9 52963 |a Arxiu |b Arxiu |d 2016-12-01 |l 0 |o C-3-313 |p 22781 |r 2016-12-01 00:00:00 |w 2016-12-01 |y ARXIU | ||
| 999 | |c 56812 |d 56812 | ||